Využívanie kapacity ubytovacíh zariadení v Bratislavskom kraji
Význam Bratislavského kraja. Východiská skúmania ubytovacích zariadení. Vývoj využívania kapacity ubytovacích zariadení Bratislavského kraja v období rokov 2005-2015. Pozitívny vývoj ovplyvnený bezpečnostnou situáciou vo svete, zvyšovaním povedomia o značke Slovensko, rastom kvality a konkurenciesch...
Saved in:
| Main Author: | |
|---|---|
| Other Authors: | |
| Format: | Book Chapter |
| Language: | Slovak |
| Subjects: | |
| Tags: |
No Tags, Be the first to tag this record!
|
MARC
| LEADER | 00000naa a2200000 4500 | ||
|---|---|---|---|
| 001 | 0242651 | ||
| 005 | 20180507101505.9 | ||
| 041 | 0 | |a slo | |
| 044 | |a SK | ||
| 245 | 1 | 0 | |a Využívanie kapacity ubytovacíh zariadení v Bratislavskom kraji |c Terézia Repáňová, Júlia Kellerová |
| 520 | |a Význam Bratislavského kraja. Východiská skúmania ubytovacích zariadení. Vývoj využívania kapacity ubytovacích zariadení Bratislavského kraja v období rokov 2005-2015. Pozitívny vývoj ovplyvnený bezpečnostnou situáciou vo svete, zvyšovaním povedomia o značke Slovensko, rastom kvality a konkurencieschopnosti ponúkaných produktov. Porovnanie ukazovateľov využitia kapacity ubytovacích zariadení v slovenských krajoch. | ||
| 610 | 2 | 0 | |a ruch cestovný |
| 610 | 2 | 0 | |a zariadenia ubytovacie |
| 610 | 2 | 0 | |a hotely |
| 610 | 2 | 0 | |a penzióny |
| 610 | 2 | 0 | |a zákazníci |
| 610 | 2 | 0 | |a kraje |
| 610 | 2 | 0 | |a štatistika |
| 610 | 2 | 0 | |a Slovensko |
| 100 | 1 | |a Repáňová, Terézia | |
| 700 | 1 | |a Kellerová, Júlia | |